Puerto Rico's social movements: decolonizing step-by-step /

Wedi'i Gadw mewn:
Manylion Llyfryddiaeth
Prif Awdur: González-Cruz, Michael
Fformat: Texto
Tagiau: Ychwanegu Tag
Dim Tagiau, Byddwch y cyntaf i dagio'r cofnod hwn!

MARC

LEADER 00000 a a2200000 04500
001 10074
003
040
100 |a González-Cruz, Michael  
245 |a Puerto Rico's social movements:   |b decolonizing step-by-step /  |c Michael González-Cruz 
773 |g volumen 40, número 6; páginas 21-27  
999 |c 29808  |d 29808